| 000 | 00495nam a2200169 i 4500 | ||
|---|---|---|---|
| 001 | bg | ||
| 100 | 1 | _aRAPP, Wiliam G. | |
| 245 | 0 |
_aConstruction of structural steel building frames / _cWiliam G. Rapp. |
|
| 260 |
_aNew York : _bWiley, _c1968. |
||
| 490 | 1 | _aWiley Series on Practical Construction Guides | |
| 830 | _aWiley Series on Practical Construction Guides | ||
| 040 | _cBPK | ||
| 041 | _apol | ||
| 080 | _a624.014:624.07 | ||
| 942 | _cKS | ||
| 008 | s pl f |000 0 pol | ||
| 999 |
_c12484 _d12484 |
||
| 856 |
_uhttp://koha.tu.koszalin.pl/cgi-bin/koha/opac-detail.pl?biblionumber=12484 _yKatalog online BPK |
||